1267 1799 1892 1955 1376 1237 1894 1995 1201 1609 1194 1180 1363 1125 1820 1669 1722 1253 1283 1366 1248 1781 1727 1837 1600 1967 1688 1306 1275 1658 1354 1183 1794 1689 1645 1736 1658 1035 1291 1314 1319 1685 1427 1057 1423 1798 1041 1854 1417 1912 1597 1957 1163 1640 1865 1344 1234 1189 1020 1362 1963 1221 1141 1840 1616 1621 1399 1467 1569 1016 1061 1617 1390 1956 1053 1854 1478 1019 1148 1178 1610 1978 1376 1571 1552 1378 1948 1908 1801 1748 1181 1870 1676 1279 1749 1589 1256 1368 1011 BCNSPRNW ULIB Ver.6.0+V

เปลี่ยนเป็นภาษาไทย

Change to English
 แสดงรายละเอียดบรรณานุกรม
  กลับหน้าหลัก

Brief Record : Get Marc (ISO 2709) : E-mail record : QR code < ปิดหน้าต่าง
LEADER : 00000nam 2200000uu 4500
001    13399123346
003     ULIB
008    140825s2535||||th 000 0 tha d
099    วพ WT120^bส661ป
100 0  สายยันต์ เจริญขำ
245 00 ปัจจัยที่มีความสัมพันธ์ต่อความซึมเศร้าของผู้สูงอายุในเขตชนบท : กรณีศึกษาผู้สูงอายุในเขตอำเภอบรรพตพิสัย จังหวัดนครสวรรค์ /^cสายยันต์ เจริญขำ
260    นครปฐม :^bมหาวิทยาลัยมหิดล,^c2535
300    124 หน้า
502    วิทยานิพนธ์ (วท.ม.) สาขาวิชาเอกอนามัยครอบครัว,^c2535
650  0 ภาวะซึมเศร้า
650  0 ผู้สูงอายุ
710 1  อำเภอบรรพตพิสัย จังหวัดนครสวรรค์
945    ^p0^l0^i023433
999    ^aเกษร โพธิ์สุวรรณ
รายการนี้ยังไม่มีแท็ก
คุณยังไม่ได้ล็อกอิน คุณสามารถมีกิจกรรมร่วมกับเว็บไซต์ได้ แต่ต้องล็อกอินก่อน ::
  ล็อกอิน

รายการสื่อสารสนเทศ

ลำดับที่ ประเภท เลขเรียก/บาร์โค้ด สถานที่ สถานะ
1. วิทยานิพนธ์
วิทยานิพนธ์
วพ WT120 ส661ป ฉ.1 
  Barcode: 023433
ห้องสมุดวิทยาเขตสวรรค์ประชารักษ์
► วิทยานิพนธ์
บนชั้น

รายการใกล้เคียง
    หัวเรื่อง [ภาวะซึมเศร้า]
    หัวเรื่อง [ผู้สูงอายุ]

BibComment


ยังไม่เคยถูกคอมเมนท์

คอมเมนท์ทรัพยากรรายการนี้
  คอมเมนท์: ปัจจัยที่มีความสั..


 Copyright 2026. Bcnsprnw @Library